000 00748nam a2200241 a 4500
001 000026277
005 20240412074252.0
008 100824s1989 dr c 000 0 spa d
020 _a9945853406
040 _aDO-SdBNP
_bspa
_cBNPHU
082 _axxxx
_bC822
245 0 0 _aGabriela Mistral y Santo Domingo /
_ccompilador Julio Jaime Julia.
260 _aSanto Domingo :
_bCIPAF,
_c1989.
300 _a320 p. :
_bretrs. ;
_c22 cm.
490 1 _aTeoría
504 _aBibliografía : p.307-320
600 1 4 _aMISTRAL, GABRIELA,
_d1889-1957
_941303
650 0 _aTeatro dominicano
_9637
650 0 _aLiteratura dominicana.
_967
710 1 _aCentro de Investigación para la Acción Femenina
_952431
830 0 _aTeoría
_935948
049 _aBNPD
999 _c25769
_d25769